000 00721nab a22002297a 4500
001 18824
003 HDC
007 cr bn ---aaaaa
008 210128c99999999my ||||o |||| 00| 00eng d
040 _aHDC
245 0 _aHalal Tourism: Unravelling the Opportunities & Challenges
336 _atext
_2rdacontent
337 _acomputer
_2rdamedia
338 _aonline resource
_2rdacarrier
650 _aHalal industry
_9144
650 _aTourism
_9880
710 _aTravel Bulletin
856 _zRequest full-text at [email protected]
942 _2lcc
942 _cNEWS
942 _kNWSO 007602
999 _c16140
_d16140